[Event "NB II. Toth Laszlo csoport"]
[Site "Gyula"]
[Date "2023.10.29"]
[Round "2.10"]
[White "Major, Peter"]
[Black "Fabian, Istvan"]
[Result "0-1"]
[WhiteElo "1313"]
[BlackElo "1686"]
[PlyCount "72"]
[EventDate "2023.10.08"]
[EventType "team-tourn"]
[EventRounds "9"]
[EventCountry "HUN"]
[Source "chess.hu"]
[WhiteTeam "Gyulai SE"]
[BlackTeam "Meritum Egyesulet"]
[WhiteTeamCountry "HUN"]
[BlackTeamCountry "HUN"]

1. e4 c5 2. c3 d6 3. d4 cxd4 4. cxd4 Nf6 5. Nc3 Nc6 6. d5 Ne5 7. Bb5+ Bd7 8.
Bxd7+ Qxd7 9. Nf3 Nxf3+ 10. Qxf3 g6 11. O-O Bg7 12. Rb1 O-O 13. h3 Rac8 14. Be3
a6 15. Rfc1 Rc4 16. b3 Rcc8 17. Bd4 Nh5 18. Bxg7 Kxg7 19. Qe3 Rc7 20. f4 e5 21.
fxe5 dxe5 22. Ne2 Rfc8 23. Rxc7 Rxc7 24. Rc1 Rxc1+ 25. Qxc1 f5 26. exf5 Qxd5
27. g4 Nf4 28. Nxf4 Qd4+ 29. Kg2 exf4 30. Kf3 g5 31. h4 Qd3+ 32. Kf2 Qg3+ 33.
Kf1 Qf3+ 34. Ke1 Qh1+ 35. Kd2 Qxc1+ 36. Kxc1 gxh4 0-1

[Event "NB II. Toth Laszlo csoport"]
[Site "Gyula"]
[Date "2023.10.29"]
[Round "2.11"]
[White "Vad, Roland Tibor"]
[Black "Gyenge, Gergo"]
[Result "1/2-1/2"]
[WhiteElo "1498"]
[BlackElo "1460"]
[PlyCount "66"]
[EventDate "2023.10.08"]
[EventType "team-tourn"]
[EventRounds "9"]
[EventCountry "HUN"]
[Source "chess.hu"]
[WhiteTeam "Meritum Egyesulet"]
[BlackTeam "Gyulai SE"]
[WhiteTeamCountry "HUN"]
[BlackTeamCountry "HUN"]

1. e4 e5 2. Nf3 Nc6 3. Bc4 Bc5 4. d3 h6 5. Be3 Bxe3 6. fxe3 Nf6 7. O-O O-O 8.
Nbd2 d6 9. c3 Bg4 10. Qe1 Re8 11. Qg3 Na5 12. Nh4 Nxc4 13. dxc4 Bh5 14. Nf5 Bg6
15. Rf2 c6 16. Raf1 Re6 17. Qh4 Nh5 18. Rf3 Qxh4 19. Nxh4 Nf6 20. Nf5 Bxf5 21.
exf5 Re7 22. e4 Rd8 23. Rd3 Red7 24. Re1 b6 25. Kf2 Ng4+ 26. Kg3 Nf6 27. Kf3
Re8 28. h3 Nh5 29. g3 g6 30. fxg6 fxg6 31. Kg2 Rf8 32. Rf1 Rxf1 33. Nxf1 Nf6
1/2-1/2

[Event "NB II. Toth Laszlo csoport"]
[Site "Szeged"]
[Date "2023.10.29"]
[Round "2.1"]
[White "Pacal, Mihaly"]
[Black "Megyaszai, Balazs"]
[Result "1/2-1/2"]
[WhiteElo "2128"]
[BlackElo "2049"]
[PlyCount "51"]
[EventDate "2023.10.08"]
[EventType "team-tourn"]
[EventRounds "9"]
[EventCountry "HUN"]
[Source "chess.hu"]
[WhiteTeam "Felegyhaza-Csongrad"]
[BlackTeam "Maroczy SE II."]
[WhiteTeamCountry "HUN"]
[BlackTeamCountry "HUN"]

1. Nf3 d5 2. b4 e6 3. Bb2 Nf6 4. a3 Be7 5. e3 O-O 6. c4 c5 7. bxc5 dxc4 8. Bxc4
Bxc5 9. O-O b6 10. d3 Bb7 11. Nbd2 Nc6 12. Qe2 Na5 13. Ba2 Ba6 14. Ne5 Bd6 15.
Ndc4 Nxc4 16. Nxc4 Be7 17. Ne5 Bb7 18. Rac1 Rc8 19. Rxc8 Qxc8 20. Rc1 Qb8 21.
Nc6 Bxc6 22. Rxc6 Rc8 23. Qc2 Rxc6 24. Qxc6 h6 25. h3 Bd6 26. a4 1/2-1/2

[Event "NB II. Toth Laszlo csoport"]
[Site "Szeged"]
[Date "2023.10.29"]
[Round "2.2"]
[White "Kevei, Peter"]
[Black "Vilagos, Nandor"]
[Result "1/2-1/2"]
[WhiteElo "2126"]
[BlackElo "2029"]
[PlyCount "41"]
[EventDate "2023.10.08"]
[EventType "team-tourn"]
[EventRounds "9"]
[EventCountry "HUN"]
[Source "chess.hu"]
[WhiteTeam "Maroczy SE II."]
[BlackTeam "Felegyhaza-Csongrad"]
[WhiteTeamCountry "HUN"]
[BlackTeamCountry "HUN"]

1. e4 c5 2. Nf3 e6 3. d4 cxd4 4. Nxd4 Bc5 5. Nb3 Bb6 6. Bd3 Ne7 7. N1d2 O-O 8.
Nc4 Bc7 9. e5 Nbc6 10. Qh5 g6 11. Qe2 f6 12. exf6 Rxf6 13. Bg5 Rf7 14. f4 Bxf4
15. Bxf4 Rxf4 16. O-O-O d5 17. Ne5 Qc7 18. g3 Rf8 19. Nxc6 bxc6 20. Rhf1 Bd7
21. Nc5 1/2-1/2

[Event "NB II. Toth Laszlo csoport"]
[Site "Szeged"]
[Date "2023.10.29"]
[Round "2.3"]
[White "Kemeny, Csaba"]
[Black "Papp Z., Csaba"]
[Result "1/2-1/2"]
[WhiteElo "2056"]
[BlackElo "2122"]
[PlyCount "26"]
[EventDate "2023.10.08"]
[EventType "team-tourn"]
[EventRounds "9"]
[EventCountry "HUN"]
[Source "chess.hu"]
[WhiteTeam "Felegyhaza-Csongrad"]
[BlackTeam "Maroczy SE II."]
[WhiteTeamCountry "HUN"]
[BlackTeamCountry "HUN"]

1. d4 d5 2. f4 Nf6 3. Nf3 Bf5 4. e3 e6 5. Bd3 Bxd3 6. Qxd3 c6 7. Nbd2 Nbd7 8.
O-O Be7 9. Ne5 O-O 10. c3 Nb6 11. Rf3 Nc8 12. e4 Nd6 13. exd5 cxd5 1/2-1/2

[Event "NB II. Toth Laszlo csoport"]
[Site "Szeged"]
[Date "2023.10.29"]
[Round "2.4"]
[White "Toth, Daniel"]
[Black "Nagy, Jozsef"]
[Result "0-1"]
[WhiteElo "2046"]
[BlackElo "1855"]
[PlyCount "154"]
[EventDate "2023.10.08"]
[EventType "team-tourn"]
[EventRounds "9"]
[EventCountry "HUN"]
[Source "chess.hu"]
[WhiteTeam "Maroczy SE II."]
[BlackTeam "Felegyhaza-Csongrad"]
[WhiteTeamCountry "HUN"]
[BlackTeamCountry "HUN"]

1. d4 Nf6 2. c4 e6 3. Nc3 d5 4. Nf3 b6 5. Bg5 Bb7 6. cxd5 exd5 7. e3 Be7 8.
Qa4+ Nbd7 9. Ne5 O-O 10. Nc6 Qe8 11. Ba6 Bxa6 12. Nxe7+ Qxe7 13. Qxa6 Qb4 14.
Qb5 Qxb5 15. Nxb5 a6 16. Nxc7 Ra7 17. Bf4 Rc8 18. Ke2 Raxc7 19. Bxc7 Rxc7 20.
Rac1 Rxc1 21. Rxc1 Kf8 22. Rc6 a5 23. a4 Ke7 24. f3 Ne8 25. e4 dxe4 26. fxe4
Nd6 27. e5 Nb7 28. Ke3 Nd8 29. Rc8 f6 30. exf6+ Nxf6 31. Rc7+ Nd7 32. Kd3 Ne6
33. Rc2 Kd6 34. Rf2 Nf6 35. g3 Ng4 36. Rc2 Kd5 37. h3 Nxd4 38. Rc8 Ne5+ 39. Kc3
Ne2+ 40. Kb3 Nxg3 41. Rb8 Nd7 42. Rd8 Kd6 43. Kc4 Nf5 44. Rh8 h6 45. Kb5 Nd4+
46. Kc4 Ne6 47. Kb5 Ke7 48. Rc8 Nf4 49. Kc6 Nd3 50. Rg8 N3e5+ 51. Kc7 Kf6 52.
Kd6 g6 53. Rc8 Kf5 54. Rc1 h5 55. Kd5 Kf4 56. Re1 Kf3 57. Rg1 Kf4 58. Re1 g5
59. Rf1+ Ke3 60. Rf5 g4 61. Rxh5 g3 62. Rg5 Kf3 63. h4 Ng4 64. Rf5+ Ke2 65. Rg5
g2 66. Kd6 g1=Q 67. Kxd7 Qd4+ 68. Kc7 Qxa4 69. Kxb6 Ne3 70. h5 Qf4 71. Rg6 a4
72. Kb5 Kd2 73. Rc6 Nd1 74. h6 Nxb2 75. h7 Qf5+ 76. Kb4 Qxh7 77. Ka3 Qb7 0-1

[Event "NB II. Toth Laszlo csoport"]
[Site "Szeged"]
[Date "2023.10.29"]
[Round "2.6"]
[White "Borus, Andras"]
[Black "Kelemen, Sandor"]
[Result "1/2-1/2"]
[WhiteElo "2014"]
[BlackElo "1896"]
[PlyCount "70"]
[EventDate "2023.10.08"]
[EventType "team-tourn"]
[EventRounds "9"]
[EventCountry "HUN"]
[Source "chess.hu"]
[WhiteTeam "Maroczy SE II."]
[BlackTeam "Felegyhaza-Csongrad"]
[WhiteTeamCountry "HUN"]
[BlackTeamCountry "HUN"]

1. Nf3 d6 2. g3 g6 3. Bg2 Bg7 4. c4 c5 5. Nc3 Nc6 6. d3 Nf6 7. Bd2 O-O 8. O-O
a6 9. Rb1 Rb8 10. Ng5 Bd7 11. Nge4 Nxe4 12. Nxe4 b5 13. b3 f5 14. Nc3 b4 15.
Nd5 e6 16. Nf4 Qf6 17. Nxe6 Bxe6 18. Bxc6 Rb6 19. Bg2 g5 20. f4 g4 21. Be3 h5
22. Bf2 Kf7 23. e3 Rh8 24. Qe2 Rbb8 25. Rbd1 Rbe8 26. Rd2 h4 27. Bh1 Rh5 28.
Bg2 Qh6 29. Bc6 Re7 30. Re1 Bc3 31. Rc2 Bxe1 32. Bxe1 hxg3 33. Bxg3 Qf6 34. Rc1
Rh8 35. Qf2 Rc8 1/2-1/2

[Event "NB II. Toth Laszlo csoport"]
[Site "Szeged"]
[Date "2023.10.29"]
[Round "2.7"]
[White "Hideg, Ferenc Bendeguz"]
[Black "Bernath, Robert"]
[Result "1/2-1/2"]
[WhiteElo "1774"]
[BlackElo "1909"]
[PlyCount "71"]
[EventDate "2023.10.08"]
[EventType "team-tourn"]
[EventRounds "9"]
[EventCountry "HUN"]
[Source "chess.hu"]
[WhiteTeam "Felegyhaza-Csongrad"]
[BlackTeam "Maroczy SE II."]
[WhiteTeamCountry "HUN"]
[BlackTeamCountry "HUN"]

1. d4 Nf6 2. c4 g6 3. Nc3 d5 4. cxd5 Nxd5 5. e4 Nxc3 6. bxc3 Bg7 7. Bb5+ c6 8.
Bc4 c5 9. Nf3 O-O 10. O-O Bg4 11. Bb2 Nc6 12. d5 Ne5 13. Be2 Nxf3+ 14. Bxf3
Bxf3 15. Qxf3 f5 16. Rab1 Qd6 17. c4 fxe4 18. Qg3 Qxg3 19. hxg3 b6 20. Rfe1
Rad8 21. Bxg7 Kxg7 22. Rxe4 Rfe8 23. Rbe1 Kf7 24. a4 a6 25. g4 b5 26. axb5 axb5
27. cxb5 Rxd5 28. Rf4+ Kg7 29. b6 e5 30. Rc4 Rb8 31. Rb1 Kf6 32. Rb5 Rb7 33.
Rbxc5 Rxc5 34. Rxc5 Rxb6 35. g5+ Kxg5 36. Rxe5+ 1/2-1/2

[Event "NB II. Toth Laszlo csoport"]
[Site "Szeged"]
[Date "2023.10.29"]
[Round "2.8"]
[White "Pluhar, Andras"]
[Black "Hideg, Istvan Benjamin"]
[Result "1-0"]
[WhiteElo "1773"]
[BlackElo "1709"]
[PlyCount "115"]
[EventDate "2023.10.08"]
[EventType "team-tourn"]
[EventRounds "9"]
[EventCountry "HUN"]
[Source "chess.hu"]
[WhiteTeam "Maroczy SE II."]
[BlackTeam "Felegyhaza-Csongrad"]
[WhiteTeamCountry "HUN"]
[BlackTeamCountry "HUN"]

1. e4 c5 2. Nf3 d6 3. d4 cxd4 4. Nxd4 Nf6 5. Nc3 Nc6 6. Be2 g6 7. Be3 Bg7 8.
O-O O-O 9. f3 a6 10. a4 Qc7 11. Qd2 b6 12. Nxc6 Qxc6 13. Nd5 Nxd5 14. exd5 Qc7
15. c4 Bd7 16. Rfc1 Rfb8 17. Bd3 Qb7 18. Qb4 b5 19. cxb5 axb5 20. a5 Qxd5 21.
Be4 Qe5 22. Qc3 Qxe4 23. fxe4 Bxc3 24. Rxc3 Rc8 25. a6 Rxc3 26. bxc3 Bc6 27. e5
dxe5 28. a7 Kg7 29. Ra6 Be4 30. Bc5 e6 31. Bd6 Rc8 32. Rb6 Ba8 33. Rxb5 f6 34.
Rb8 Rg8 35. g3 Kf7 36. Kf2 Re8 37. Bc7 e4 38. Bd8 Bc6 39. Bxf6 h5 40. Bd8 e5
41. a8=Q Bxa8 42. Rxa8 Ke6 43. Ra6+ Kf5 44. Rf6+ Kg4 45. Rxg6+ Kh3 46. Bf6 Re6
47. g4 e3+ 48. Kxe3 hxg4 49. Ke4 Rc6 50. Rh6+ Kg2 51. Kd3 Kf3 52. Bg5 Rc8 53.
Re6 Rc5 54. Be7 Rd5+ 55. Kc4 Rd2 56. Rxe5 Rxh2 57. Rg5 g3 58. Rxg3+ 1-0

[Event "NB II. Toth Laszlo csoport"]
[Site "Bekes"]
[Date "2023.10.29"]
[Round "2.1"]
[White "Fabian Nagy, Sandor"]
[Black "Samu, Gabor Jr"]
[Result "0-1"]
[WhiteElo "1964"]
[BlackElo "2332"]
[PlyCount "60"]
[EventDate "2023.10.08"]
[EventType "team-tourn"]
[EventRounds "9"]
[EventCountry "HUN"]
[Source "chess.hu"]
[WhiteTeam "Bekesszentandras-KuTE"]
[BlackTeam "Bekesi TE"]
[WhiteTeamCountry "HUN"]
[BlackTeamCountry "HUN"]

1. e4 c5 2. Nf3 Nc6 3. d4 cxd4 4. Nxd4 Nf6 5. Nc3 d6 6. Be2 e5 7. Nb3 Be7 8.
Be3 O-O 9. f3 a5 10. Na4 d5 11. Bb6 Qd6 12. Bc5 Qe6 13. Nb6 Bxc5 14. Nxc5 Qe7
15. Nca4 dxe4 16. Nxa8 Rd8 17. N8b6 Rxd1+ 18. Rxd1 Be6 19. a3 Nd4 20. c3 Nxe2
21. Kxe2 exf3+ 22. gxf3 e4 23. Rd4 exf3+ 24. Kd2 h5 25. Rf1 Bg4 26. Re1 Qc7 27.
Nd5 Nxd5 28. Re8+ Kh7 29. Rxd5 Qf4+ 30. Ke1 f2+ 0-1

[Event "NB II. Toth Laszlo csoport"]
[Site "Bekes"]
[Date "2023.10.29"]
[Round "2.2"]
[White "Varga, Tamas"]
[Black "Puskas, Mihaly"]
[Result "0-1"]
[WhiteElo "2164"]
[BlackElo "1795"]
[PlyCount "108"]
[EventDate "2023.10.08"]
[EventType "team-tourn"]
[EventRounds "9"]
[EventCountry "HUN"]
[Source "chess.hu"]
[WhiteTeam "Bekesi TE"]
[BlackTeam "Bekesszentandras-KuTE"]
[WhiteTeamCountry "HUN"]
[BlackTeamCountry "HUN"]

1. d4 d5 2. Nf3 c6 3. Bf4 Qb6 4. Qc1 Nf6 5. Nbd2 Bf5 6. e3 e6 7. Nh4 Be4 8. f3
Bg6 9. Nxg6 hxg6 10. c3 Nh5 11. Bg5 Ng3 12. Rg1 Rxh2 13. Bf4 Nxf1 14. Bxh2 Nxh2
15. Rh1 Bd6 16. Ke2 Nd7 17. g3 Bxg3 18. Qg1 Bd6 19. f4 Qb5+ 20. Kf2 Qxb2 21.
Rd1 Nf6 22. Rxh2 Ne4+ 23. Kf3 Nxd2+ 24. Rdxd2 Qxc3 25. Qg5 Kd7 26. Rde2 Rc8 27.
Rh7 Be7 28. Qg1 Bf6 29. Qb1 b6 30. Qd1 Qa3 31. Rhh2 c5 32. dxc5 Rxc5 33. Rc2
Qa4 34. Qc1 Qe4+ 35. Kg3 Be7 36. Rxc5 Bxc5 37. Re2 g5 38. Qb2 Bxe3 39. Qb5+ Ke7
40. fxg5 Qf4+ 41. Kh3 Qf3+ 42. Kh2 Qh5+ 43. Kg3 Qxg5+ 44. Kh3 Qf5+ 45. Kg3 Qf4+
46. Kh3 Qf3+ 47. Kh2 Bf4+ 48. Kg1 Qg3+ 49. Kf1 Qh3+ 50. Kf2 Qh2+ 51. Kf1 Qh1+
52. Kf2 Bd6 53. Ke3 Qc1+ 54. Kf2 Bc5+ 0-1

[Event "NB II. Toth Laszlo csoport"]
[Site "Bekes"]
[Date "2023.10.29"]
[Round "2.3"]
[White "Hajdu, Istvan"]
[Black "Szasz, Janos"]
[Result "1/2-1/2"]
[WhiteElo "1804"]
[BlackElo "2098"]
[PlyCount "21"]
[EventDate "2023.10.08"]
[EventType "team-tourn"]
[EventRounds "9"]
[EventCountry "HUN"]
[Source "chess.hu"]
[WhiteTeam "Bekesszentandras-KuTE"]
[BlackTeam "Bekesi TE"]
[WhiteTeamCountry "HUN"]
[BlackTeamCountry "HUN"]

1. e4 b6 2. d4 Bb7 3. Nc3 e6 4. a3 Nf6 5. e5 Nd5 6. Nxd5 Bxd5 7. Nf3 Be7 8. Be3
O-O 9. Bd3 f6 10. c4 Bb7 11. Qc2 1/2-1/2

[Event "NB II. Toth Laszlo csoport"]
[Site "Bekes"]
[Date "2023.10.29"]
[Round "2.4"]
[White "Nagy, Sandor"]
[Black "Brhlik, Gyorgy"]
[Result "1/2-1/2"]
[WhiteElo "2065"]
[BlackElo "1852"]
[PlyCount "71"]
[EventDate "2023.10.08"]
[EventType "team-tourn"]
[EventRounds "9"]
[EventCountry "HUN"]
[Source "chess.hu"]
[WhiteTeam "Bekesi TE"]
[BlackTeam "Bekesszentandras-KuTE"]
[WhiteTeamCountry "HUN"]
[BlackTeamCountry "HUN"]

1. d4 Nf6 2. c4 e6 3. Nc3 Bb4 4. Qb3 c5 5. e3 O-O 6. Bd2 d5 7. Nf3 Nc6 8. a3
Bxc3 9. Bxc3 Ne4 10. cxd5 exd5 11. dxc5 Nxc5 12. Qc2 Ne4 13. Bd3 f5 14. O-O Qe7
15. Rfd1 Nxc3 16. Qxc3 a6 17. Bc2 Be6 18. Nd4 Nxd4 19. Rxd4 Rac8 20. Qd2 Rc4
21. Rd1 Qc5 22. Bb3 Rxd4 23. Qxd4 Qxd4 24. Rxd4 Rd8 25. f3 Kf8 26. e4 fxe4 27.
fxe4 Ke7 28. exd5 Bf5 29. Kf2 Kd6 30. Ke3 Re8+ 31. Kf4 Bg6 32. Rd2 Re5 33. g4
Bf7 34. h4 Bxd5 35. Bxd5 Rxd5 36. Rc2 1/2-1/2

[Event "NB II. Toth Laszlo csoport"]
[Site "Bekes"]
[Date "2023.10.29"]
[Round "2.5"]
[White "Bogar, Attila"]
[Black "Nagy, Robert"]
[Result "0-1"]
[WhiteElo "1775"]
[BlackElo "1957"]
[PlyCount "90"]
[EventDate "2023.10.08"]
[EventType "team-tourn"]
[EventRounds "9"]
[EventCountry "HUN"]
[Source "chess.hu"]
[WhiteTeam "Bekesszentandras-KuTE"]
[BlackTeam "Bekesi TE"]
[WhiteTeamCountry "HUN"]
[BlackTeamCountry "HUN"]

1. d4 d5 2. Nf3 c6 3. c4 Nf6 4. Nc3 e6 5. Bg5 Nbd7 6. e3 a6 7. Be2 dxc4 8. Bxc4
b5 9. Bd3 h6 10. Bh4 Be7 11. O-O O-O 12. Rc1 Bb7 13. Qe2 c5 14. b3 Rc8 15. Rfd1
Qa5 16. Ne4 cxd4 17. Nxf6+ Nxf6 18. Nxd4 Qa3 19. Rc2 Nd5 20. Bxe7 Nxe7 21. e4
Rxc2 22. Qxc2 Rc8 23. Qd2 Rd8 24. Qc3 Qd6 25. e5 Qxe5 26. Ne2 Qxc3 27. Nxc3 Kf8
28. f3 Nd5 29. Nxd5 Rxd5 30. Kf2 Ke7 31. Ke3 Kd6 32. Rc1 Rc5 33. Rd1 Bd5 34. f4
a5 35. g3 Kc6 36. h3 b4 37. Kd4 Bf3 38. Re1 Bd5 39. g4 Rc3 40. h4 Kd6 41. g5 f6
42. gxh6 gxh6 43. Rg1 e5+ 44. fxe5+ fxe5+ 45. Ke3 e4 0-1

[Event "NB II. Toth Laszlo csoport"]
[Site "Bekes"]
[Date "2023.10.29"]
[Round "2.6"]
[White "Visnyei, Illes"]
[Black "Zsirmik, Zsombor"]
[Result "1-0"]
[WhiteElo "2018"]
[BlackElo "1510"]
[PlyCount "109"]
[EventDate "2023.10.08"]
[EventType "team-tourn"]
[EventRounds "9"]
[EventCountry "HUN"]
[Source "chess.hu"]
[WhiteTeam "Bekesi TE"]
[BlackTeam "Bekesszentandras-KuTE"]
[WhiteTeamCountry "HUN"]
[BlackTeamCountry "HUN"]

1. d4 Nf6 2. Nc3 d6 3. e4 Nc6 4. Bg5 e5 5. d5 Ne7 6. Bc4 Ng6 7. f3 Be7 8. Be3
a6 9. a4 Bd7 10. Nge2 O-O 11. O-O Nh5 12. g3 Bg5 13. Qd2 Bxe3+ 14. Qxe3 f5 15.
exf5 Bxf5 16. Ne4 Bxe4 17. fxe4 Qe7 18. Rf5 Nf6 19. Raf1 Nd7 20. b4 Rf6 21. a5
Raf8 22. Bd3 Qd8 23. c4 Ne7 24. Rxf6 Rxf6 25. Rxf6 Nxf6 26. Nc3 c6 27. Be2 Nc8
28. Kg2 Qd7 29. h3 h6 30. Bd1 cxd5 31. Nxd5 Nxd5 32. exd5 Qc7 33. Qe4 Ne7 34.
Qg4 Kf8 35. Qe4 Kg8 36. Bg4 Qd8 37. Be6+ Kh8 38. c5 dxc5 39. bxc5 Qxa5 40. Qc2
Nxd5 41. Bxd5 b6 42. Qf2 Qxc5 43. Qxc5 bxc5 44. Kf3 Kh7 45. Ke4 Kg6 46. Kxe5
Kg5 47. Bf7 h5 48. Be6 a5 49. h4+ Kg6 50. Bb3 Kh6 51. Kf5 g6+ 52. Kf6 c4 53.
Bxc4 a4 54. Bd5 a3 55. Bg8 1-0

[Event "NB II. Toth Laszlo csoport"]
[Site "Bekes"]
[Date "2023.10.29"]
[Round "2.7"]
[White "Kovacs, Tibor T"]
[Black "Somogyi, Gabor"]
[Result "0-1"]
[WhiteElo "1657"]
[BlackElo "1858"]
[PlyCount "76"]
[EventDate "2023.10.08"]
[EventType "team-tourn"]
[EventRounds "9"]
[EventCountry "HUN"]
[Source "chess.hu"]
[WhiteTeam "Bekesszentandras-KuTE"]
[BlackTeam "Bekesi TE"]
[WhiteTeamCountry "HUN"]
[BlackTeamCountry "HUN"]

1. d4 Nf6 2. c4 c5 3. d5 b5 4. cxb5 a6 5. bxa6 Bxa6 6. Nc3 g6 7. e4 Bxf1 8.
Kxf1 d6 9. g3 Bg7 10. Kg2 O-O 11. Nge2 Nbd7 12. Re1 Qb6 13. a4 Qb4 14. Qc2 Nb6
15. Ra3 Rfb8 16. Qb3 Nc4 17. Qa2 Nxa3 18. Qxa3 Nxe4 19. Qxb4 Rxb4 20. f3 Nxc3
21. bxc3 Rb1 22. Kf2 Rxa4 23. Bd2 Rxe1 24. Bxe1 Ra2 25. Ke3 Bh6+ 26. f4 e6 27.
dxe6 fxe6 28. Kf3 g5 29. h3 gxf4 30. gxf4 Bg7 31. Bh4 Kf7 32. Ke3 d5 33. Be1
Bf6 34. Nc1 Rh2 35. Nd3 Rxh3+ 36. Ke2 c4 37. Ne5+ Bxe5 38. fxe5 Kg6 0-1

[Event "NB II. Toth Laszlo csoport"]
[Site "Bekes"]
[Date "2023.10.29"]
[Round "2.8"]
[White "Takacs, Lajos"]
[Black "Mohay, Henrik"]
[Result "1-0"]
[WhiteElo "1965"]
[BlackElo "1493"]
[PlyCount "143"]
[EventDate "2023.10.08"]
[EventType "team-tourn"]
[EventRounds "9"]
[EventCountry "HUN"]
[Source "chess.hu"]
[WhiteTeam "Bekesi TE"]
[BlackTeam "Bekesszentandras-KuTE"]
[WhiteTeamCountry "HUN"]
[BlackTeamCountry "HUN"]

1. e4 c6 2. a3 d5 3. e5 Bf5 4. h4 h5 5. d4 c5 6. dxc5 e6 7. b4 a5 8. c3 Qc7 9.
Nf3 Ne7 10. Bf4 g6 11. Nd4 Qd7 12. Nd2 Nc8 13. N2b3 a4 14. Bb5 Nc6 15. Na5 N8a7
16. Bxa4 Be7 17. Nb5 Nxb5 18. Bxb5 Bxc5 19. Qa4 Bb6 20. Bxc6 bxc6 21. Qxc6 Qxc6
22. Nxc6 Kd7 23. Nd4 Bxd4 24. cxd4 Rhc8 25. O-O Rc3 26. Bc1 Rd3 27. b5 Rxd4 28.
Be3 Rda4 29. Bc5 Bd3 30. Rfc1 Bxb5 31. Rab1 Bc6 32. Bb4 R4a6 33. Rc3 Ba4 34.
Rf3 Ke8 35. Bd6 Bc6 36. Rfb3 Rc8 37. Kf1 Ra7 38. Ke2 Ba4 39. Rb8 Ra8 40. Rxa8
Rxa8 41. Ke3 Bc6 42. Kd4 Kd7 43. Bb4 Rb8 44. f3 Ba4 45. g4 Rc8 46. Bc5 Bc6 47.
gxh5 gxh5 48. Rg1 Rh8 49. Rg7 Ke8 50. Ke3 Ba4 51. Kd2 Bb3 52. Rg5 Ba2 53. a4
Bb1 54. a5 Kd7 55. Rg1 Kc6 56. Bd4 Bg6 57. a6 Kb5 58. a7 Kc4 59. Bb6 Ra8 60.
Ra1 Kb5 61. Bc7 Kc6 62. Bb8 Kb7 63. Rc1 Rxb8 64. axb8=Q+ Kxb8 65. Ke3 Kb7 66.
Kd4 Kb6 67. Rc8 Kb7 68. Rd8 Kc7 69. Rd6 f6 70. Rxe6 fxe5+ 71. Kxe5 Bf7 72. Re7+
1-0

[Event "NB II. Toth Laszlo csoport"]
[Site "Bekes"]
[Date "2023.10.29"]
[Round "2.9"]
[White "Aczel-Szabo, Csongor"]
[Black "Vertes, Imre"]
[Result "1/2-1/2"]
[WhiteElo "1355"]
[BlackElo "1808"]
[PlyCount "66"]
[EventDate "2023.10.08"]
[EventType "team-tourn"]
[EventRounds "9"]
[EventCountry "HUN"]
[Source "chess.hu"]
[WhiteTeam "Bekesszentandras-KuTE"]
[BlackTeam "Bekesi TE"]
[WhiteTeamCountry "HUN"]
[BlackTeamCountry "HUN"]

1. d4 Nf6 2. Bf4 e6 3. e3 b6 4. Nd2 Bb7 5. Ngf3 g6 6. Bd3 Bg7 7. h3 O-O 8. O-O
d6 9. Qe2 Nbd7 10. c3 Qe7 11. Bg3 Rfe8 12. Ba6 Bxa6 13. Qxa6 h6 14. Rfe1 Nh5
15. Bh2 f5 16. e4 f4 17. g4 fxg3 18. fxg3 Rf8 19. Rf1 Kh7 20. Qd3 e5 21. Kg2 g5
22. g4 Nf4+ 23. Bxf4 Rxf4 24. Ng1 Raf8 25. Ne2 Rxf1 26. Rxf1 Rxf1 27. Nxf1 Nf8
28. Nfg3 Ng6 29. Nf5 Nh4+ 30. Nxh4 gxh4 31. Qf3 Bf6 32. d5 Kg7 33. Qf5 Bg5
1/2-1/2

[Event "NB II. Toth Laszlo csoport"]
[Site "Bekes"]
[Date "2023.10.29"]
[Round "2.10"]
[White "Gosztolya, Ferenc Dr"]
[Black "Szilagyi, Peter"]
[Result "1/2-1/2"]
[WhiteElo "1921"]
[BlackElo "1369"]
[PlyCount "80"]
[EventDate "2023.10.08"]
[EventType "team-tourn"]
[EventRounds "9"]
[EventCountry "HUN"]
[Source "chess.hu"]
[WhiteTeam "Bekesi TE"]
[BlackTeam "Bekesszentandras-KuTE"]
[WhiteTeamCountry "HUN"]
[BlackTeamCountry "HUN"]

1. c4 e5 2. Nc3 Nf6 3. g3 Bc5 4. Bg2 c6 5. e3 O-O 6. Nge2 d5 7. cxd5 cxd5 8. d4
exd4 9. Nxd4 Bb6 10. O-O Nc6 11. Nce2 Re8 12. h3 Ne4 13. b3 Nxd4 14. Nxd4 Nc3
15. Qd3 Bxd4 16. exd4 Ne2+ 17. Kh2 Nxc1 18. Raxc1 Be6 19. Rce1 g6 20. Re5 Qd6
21. Rfe1 f6 22. R5e3 Bd7 23. Qc2 b6 24. Qc1 Kf7 25. Rc3 Rxe1 26. Qxe1 Rc8 27.
Rf3 h5 28. Qd2 Kg7 29. Qd1 Rh8 30. Rc3 h4 31. Qc1 hxg3+ 32. fxg3 g5 33. Rc7 a5
34. Rb7 Kg6 35. Qc7 Qxc7 36. Rxc7 Bf5 37. Bxd5 Rxh3+ 38. Kg2 Rh7 39. Rxh7 Kxh7
40. Kf3 Kg7 1/2-1/2

[Event "NB II. Toth Laszlo csoport"]
[Site "Bekes"]
[Date "2023.10.29"]
[Round "2.11"]
[White "Juhasz, Attila"]
[Black "Kovacs, Gergo Patrik"]
[Result "0-1"]
[WhiteElo "1293"]
[BlackElo "1495"]
[PlyCount "96"]
[EventDate "2023.10.08"]
[EventType "team-tourn"]
[EventRounds "9"]
[EventCountry "HUN"]
[Source "chess.hu"]
[WhiteTeam "Bekesszentandras-KuTE"]
[BlackTeam "Bekesi TE"]
[WhiteTeamCountry "HUN"]
[BlackTeamCountry "HUN"]

1. e4 c5 2. Nf3 Nc6 3. d4 cxd4 4. Nxd4 e5 5. Nb5 d6 6. N1c3 a6 7. Na3 b5 8. Nd5
Be7 9. Be3 Rb8 10. Qd2 Nf6 11. Nxf6+ Bxf6 12. O-O-O Be7 13. Be2 Be6 14. Kb1 Qc7
15. Rc1 Na5 16. c3 Nc4 17. Nxc4 Bxc4 18. b3 Bxe2 19. Qxe2 Qb7 20. Qd3 O-O 21.
Rhd1 a5 22. Qd5 Qa6 23. Rc2 b4 24. cxb4 axb4 25. Qc6 Qxc6 26. Rxc6 Rfc8 27.
Rdc1 Rxc6 28. Rxc6 g6 29. Rb6 Rxb6 30. Bxb6 f5 31. f3 Kf7 32. Kc2 Ke6 33. Kd3
d5 34. exd5+ Kxd5 35. Bf2 e4+ 36. fxe4+ fxe4+ 37. Ke2 Bc5 38. Be1 Bd6 39. h3
Kd4 40. Bf2+ Kc3 41. Be1+ Kb2 42. Ke3 Kxa2 43. Kxe4 Kxb3 44. Kd5 Kc2 45. Bxb4
Bxb4 46. Ke6 Bc3 47. Kf7 Kd3 48. Kg8 h5 0-1

[Event "NB II. Toth Laszlo csoport"]
[Site "Mako"]
[Date "2023.10.29"]
[Round "2.1"]
[White "Csvila, Gabor"]
[Black "Farkas, Tibor"]
[Result "1-0"]
[WhiteElo "2121"]
[BlackElo "2210"]
[PlyCount "137"]
[EventDate "2023.10.08"]
[EventType "team-tourn"]
[EventRounds "9"]
[EventCountry "HUN"]
[Source "chess.hu"]
[WhiteTeam "Neumann J. Egyetem"]
[BlackTeam "Duocor-Makoi SVSE II"]
[WhiteTeamCountry "HUN"]
[BlackTeamCountry "HUN"]

1. d4 Nf6 2. c4 g6 3. Nc3 Bg7 4. e4 d6 5. f3 O-O 6. Bg5 a6 7. Nge2 Nbd7 8. Qd2
c5 9. d5 Qa5 10. Nc1 b5 11. cxb5 axb5 12. Nxb5 Qb6 13. a4 Ba6 14. Rb1 Rfe8 15.
Be2 Ne5 16. Be3 Rec8 17. O-O Qd8 18. Na2 e6 19. Nac3 exd5 20. exd5 Ne8 21. Ne4
Qe7 22. Rbe1 Bxb5 23. axb5 Qb7 24. f4 Ra4 25. Qc2 Rxe4 26. Qxe4 f5 27. Qc2 Nf7
28. Bc4 Nf6 29. Bd2 Nxd5 30. Bxd5 Qxd5 31. Bc3 Bd4+ 32. Bxd4 Qxd4+ 33. Qf2
Qxf2+ 34. Rxf2 Rb8 35. Re7 Rxb5 36. Rd7 Rb8 37. Re2 Rf8 38. Ree7 h6 39. h4 h5
40. b3 Kg7 41. Rxd6 Rb8 42. Rdd7 Rf8 43. Kf2 Kf6 44. Re3 Rb8 45. Rc7 Rb6 46.
Rxc5 Nd6 47. Rd5 Ne4+ 48. Ke2 Rc6 49. b4 Nc3+ 50. Rxc3 Rxc3 51. Rd3 Rc4 52. Rb3
Rxf4 53. g3 Re4+ 54. Kf3 g5 55. hxg5+ Kxg5 56. b5 Re7 57. b6 Rb7 58. Rb5 Kf6
59. Kf4 Kg6 60. Rb3 Kf6 61. Rb4 Rg7 62. Rb5 Rb7 63. Rxf5+ Kg6 64. Rb5 Kh6 65.
Ke4 Rb8 66. b7 Kg6 67. Kd5 Kg5 68. Kc6+ Kg4 69. Kc7 1-0